The Museum of Modern Art (Record no. 22202)

MARC details
000 -LEADER
campo de control de longitud fija 00479nmc a2200169 a 4500
003 - IDENTIFICADOR DE NÚMERO DE CONTROL
campo de control AR-X00000XY
005 - FECHA Y HORA DE LA ÚLTIMA TRANSACCIÓN
campo de control 20251128212034.0
008 - DATOS DE LONGITUD FIJA--INFORMACIÓN GENERAL
campo de control de longitud fija 207020s1950 ||||||||||||||000 | ing||
040 ## - FUENTE DE CATALOGACIÓN
Centro/agencia transcriptor AR-X00000XY
100 1# - ENTRADA PRINCIPAL--NOMBRE DE PERSONA
Nombre de persona Barr, Alfred H., Jr.
245 10 - MENCIÓN DEL TÍTULO
Título The Museum of Modern Art
Resto del título New York: painting and sculpture collection
260 ## - PUBLICACIÓN, DISTRIBUCIÓN, ETC.
Lugar de publicación, distribución, etc. Paris
Nombre del editor, distribuidor, etc. Les Editions Braun
Fecha de publicación, distribución, etc. 1950
300 0# - DESCRIPCIÓN FÍSICA
Extensión sin pag.
Otros detalles físicos il., láms.
490 #0 - MENCIÓN DE SERIE
Mención de serie Collection des Maitres
942 ## - ELEMENTOS DE ENTRADA SECUNDARIOS (KOHA)
Tipo de ítem Koha Libros
998 ## - INFORMACIÓN DE CONTROL LOCAL (RLIN)
Iniciales del catalogador, CIN (RLIN) martin
Holdings
Estatus retirado Estado de pérdida Fuente de la clasificación o esquema de estantería Estado de daño Restricciones de uso No para préstamo Biblioteca de origen Biblioteca actual Fecha de adquisición Total de préstamos Código de barras Visto por última vez Precio de reemplazo Tipo de ítem Koha
    Clasificación Decimal Dewey   Acceso restringido No para préstamo Liberty Liberty 28/11/2025   146364 28/11/2025 28/11/2025 Libros